[Event "BEL-chT 0506"]
[Site "Belgium"]
[Date "2006.02.19"]
[Round "9"]
[White "Steen, Pieter"]
[Black "Smits, Mark"]
[Result "1-0"]
[WhiteElo "2160"]
[BlackElo "2259"]
[PlyCount "137"]
[EventDate "2005.10.09"]
[EventType "team-tourn"]
[EventRounds "11"]
[EventCountry "BEL"]
[SourceTitle "EXT 2007"]
[Source "ChessBase"]
[SourceDate "2006.11.23"]
[SourceVersion "1"]
[SourceVersionDate "2006.11.23"]
[SourceQuality "1"]
[WhiteTeam "KBSK Brugge"]
[BlackTeam "Borgerhout"]
[WhiteTeamCountry "BEL"]
[BlackTeamCountry "BEL"]

1. d4 Nf6 2. c4 g6 3. Nc3 Bg7 4. e4 d6 5. f3 0-0 6. Be3 e5 7. d5 Nh5 8. Qd2 Qh4+ 9. g3 Nxg3 10. Qf2 Nxf1 11. Qxh4 Nxe3 12. Ke2 Nxc4 13. Rc1 Na6 14. Nd1 Nb6 15. Ne3 Bd7 16. Nh3 f6 17. Rhg1 Rae8 18. Nf2 Re7 19. Nfg4 h5 20. Nh6+ Kh7 21. Qg3 Be8 22. Nhf5 Rd7 23. Nxg7 Rxg7 24. Rg2 Nc5 25. Kd2 c6 26. dxc6 bxc6 27. Nf5 Rd7 28. Nh4 Rg7 29. Nf5 Rd7 30. Nh4 Rg8 31. Ke3 Bf7 32. b3 Rc7 33. Rgc2 Nbd7 34. Qe1 Rgc8 35. Qd2 Nf8 36. Qxd6 Nce6 37. Rxc6 Rd8 38. Qa3 Rcd7 39. R6c3 Nf4 40. Qa6 N8e6 41. R1c2 Kg7 42. b4 Nd4 43. Rb2 g5 44. Ng2 Nfe6 45. a4 f5 46. Rc8 f4+ 47. Kf2 Rxc8 48. Qxc8 Rc7 49. Qa6 g4 50. fxg4 hxg4 51. Ne1 Ng5 52. Qa5 Nxe4+ 53. Kg1 Re7 54. Nd3 Nf3+ 55. Kg2 Nh4+ 56. Kf1 Bc4 57. Qd8 Nf5 58. Kg1 Ng5 59. Rc2 Nh3+ 60. Kh1 Ba6 61. Nc5 Bf1 62. Ne4 Kf7 63. Rc6 Kg7 64. Nf6 Kg6 65. Ng8+ Kh5 66. Nxe7 g3 67. Qd1+ Kh4 68. Nxf5+ Kg5 69. Qxf1 1-0

[Event "BEL-chT 0506"]
[Site "Belgium"]
[Date "2006.02.05"]
[Round "8"]
[White "Docx, Stefan"]
[Black "Smits, Mark"]
[Result "1-0"]
[WhiteElo "2321"]
[BlackElo "2259"]
[PlyCount "151"]
[EventDate "2005.10.09"]
[EventType "team-tourn"]
[EventRounds "11"]
[EventCountry "BEL"]
[SourceTitle "EXT 2007"]
[Source "ChessBase"]
[SourceDate "2006.11.23"]
[SourceVersion "1"]
[SourceVersionDate "2006.11.23"]
[SourceQuality "1"]
[WhiteTeam "Boey Temse"]
[BlackTeam "Borgerhout"]
[WhiteTeamCountry "BEL"]
[BlackTeamCountry "BEL"]

1. d4 Nf6 2. c4 g6 3. Nc3 Bg7 4. e4 d6 5. Be2 0-0 6. Nf3 e5 7. 0-0 Nc6 8. d5 Ne7 9. b4 Nh5 10. Re1 h6 11. Nd2 Nf4 12. Bf1 f5 13. a4 a5 14. bxa5 Rxa5 15. Ba3 b6 16. Bb4 Ra6 17. Nb5 fxe4 18. Nxe4 Nf5 19. g3 Nh5 20. Bg2 Nd4 21. Bc3 Nxb5 22. cxb5 Ra7 23. a5 bxa5 24. Bxa5 Bf5 25. Qb3 Qa8 26. Bc3 Rxa1 27. Rxa1 Qb7 28. b6 Rb8 29. Rb1 Qxb6 30. Qxb6 cxb6 31. Bb4 Bf8 32. Rd1 Bxe4 33. Bxe4 Kf7 34. Rc1 Rb7 35. Rc6 Nf6 36. Bc2 Ne8 37. Rc8 g5 38. Bd1 Nf6 39. Kg2 Be7 40. Ba4 b5 41. Bb3 Ne8 42. Rc6 Kg7 43. Kf3 h5 44. h3 Bf8 45. Ke2 g4 46. hxg4 hxg4 47. Ke3 Rf7 48. Ke2 Rf3 49. Bc2 Be7 50. Rb6 Nf6 51. Rxb5 e4 52. Bd2 Ra3 53. Bb3 Ra1 54. Bc3 Rb1 55. Bc4 Rxb5 56. Bxb5 Kg6 57. Bc6 Kf5 58. Ke3 Bd8 59. Bd4 Be7 60. Bb7 Kg5 61. Bc6 Kf5 62. Kd2 Bd8 63. Bb7 Ba5+ 64. Ke3 Bd8 65. Bc8+ Kg5 66. Be6 Be7 67. Bb6 Bf8 68. Bd8 Kg6 69. Kd4 Bg7 70. Ke3 Bh6+ 71. Ke2 Bf8 72. Bb6 Be7 73. Ke3 Bf8 74. Kd4 Bh6 75. Ba5 Kh5 76. Bf7+ 1-0

[Event "BEL-chT 0506"]
[Site "Belgium"]
[Date "2005.10.23"]
[Round "2"]
[White "Smits, Mark"]
[Black "Kaufeld, Juergen"]
[Result "1-0"]
[WhiteElo "2259"]
[BlackElo "2259"]
[PlyCount "65"]
[EventDate "2005.10.09"]
[EventType "team-tourn"]
[EventRounds "11"]
[EventCountry "BEL"]
[SourceTitle "EXT 2006"]
[Source "ChessBase"]
[SourceDate "2005.11.24"]
[SourceVersion "1"]
[SourceVersionDate "2005.11.24"]
[SourceQuality "1"]
[WhiteTeam "Borgerhout"]
[BlackTeam "KSK47 Eynatten II"]
[WhiteTeamCountry "BEL"]
[BlackTeamCountry "BEL"]

1. e4 c5 2. b3 b6 3. Bd3 Bb7 4. Nf3 e6 5. 0-0 Nc6 6. Re1 d6 7. Bb2 Nf6 8. e5 dxe5 9. Nxe5 Nxe5 10. Bxe5 a6 11. Nc3 Be7 12. Re3 0-0 13. Bxf6 Bxf6 14. Bxh7+ Kxh7 15. Qh5+ Kg8 16. Rh3 Bh4 17. Rxh4 f5 18. Rh3 Qf6 19. Re1 Rad8 20. Qe2 Rfe8 21. Re3 Rd6 22. g3 Qh6 23. d3 Kf7 24. f3 Bc6 25. Re5 Rh8 26. a4 Qg6 27. a5 bxa5 28. Rxc5 Rh3 29. Qe5 Ke7 30. Ne2 Qh6 31. Nd4 Rxd4 32. Rxc6 Re4 33. dxe4 1-0

[Event "BEL-chT 0506"]
[Site "Belgium"]
[Date "2005.10.09"]
[Round "1"]
[White "Wirig, Anthony"]
[Black "Smits, Mark"]
[Result "1-0"]
[WhiteElo "2415"]
[BlackElo "2259"]
[PlyCount "81"]
[EventDate "2005.10.09"]
[EventType "team-tourn"]
[EventRounds "11"]
[EventCountry "BEL"]
[SourceTitle "EXT 2006"]
[Source "ChessBase"]
[SourceDate "2005.11.24"]
[SourceVersion "1"]
[SourceVersionDate "2005.11.24"]
[SourceQuality "1"]
[WhiteTeam "Namur"]
[BlackTeam "Borgerhout"]
[WhiteTeamCountry "BEL"]
[BlackTeamCountry "BEL"]

1. d4 Nf6 2. Bg5 g6 3. Bxf6 exf6 4. e3 d5 5. c4 dxc4 6. Bxc4 Bd6 7. Nf3 0-0 8. Nc3 Nd7 9. 0-0 Nb6 10. Bb3 c6 11. e4 Bg4 12. h3 Bxf3 13. Qxf3 Kg7 14. Rad1 Qc7 15. a3 Rad8 16. g3 a6 17. Kg2 c5 18. Nd5 Nxd5 19. Bxd5 cxd4 20. Rxd4 Qb6 21. Rd3 Rd7 22. Rb3 Qa7 23. Rc1 Re8 24. Rc2 Rde7 25. Qc3 h5 26. h4 Rd8 27. Qa5 Rdd7 28. Rd3 Bc7 29. Qd2 Bb8 30. Rc8 Rc7 31. Rh8 Kxh8 32. Qh6+ Kg8 33. Qxg6+ Kf8 34. Qh6+ Kg8 35. Qg6+ Kf8 36. Qh6+ Kg8 37. Bxf7+ Kxf7 38. Rd6 Rc8 39. Qh7+ Kf8 40. Qh8+ Kf7 41. Rxf6# 1-0

[Event "Dieren op"]
[Site "Dieren"]
[Date "2005.07.30"]
[Round "5"]
[White "Smits, Mark"]
[Black "Sminia, Jelmer"]
[Result "0-1"]
[WhiteElo "2273"]
[BlackElo "2153"]
[PlyCount "78"]
[EventDate "2005.07.26"]
[EventType "swiss"]
[EventRounds "9"]
[EventCountry "NED"]
[SourceTitle "CBM 107 Extra"]
[Source "ChessBase"]
[SourceDate "2005.09.01"]
[SourceVersion "1"]
[SourceVersionDate "2005.09.01"]
[SourceQuality "1"]

1. e4 e6 2. d4 d5 3. e5 c5 4. c3 Nc6 5. Nf3 Qb6 6. a3 Nh6 7. b4 cxd4 8. cxd4 Nf5 9. Be3 Be7 10. Bd3 Nxe3 11. fxe3 f6 12. 0-0 Bd7 13. Nc3 0-0 14. Na4 Qd8 15. b5 Na5 16. Qb1 f5 17. Nc3 Rc8 18. Ne2 Nc4 19. Bxc4 Rxc4 20. Nd2 Rc8 21. a4 Qa5 22. Qd3 Rc7 23. Rfb1 Rcc8 24. Nb3 Qd8 25. Rc1 b6 26. Qd2 Rc7 27. Nf4 Qb8 28. Nd3 Rfc8 29. Kf2 Qb7 30. Rxc7 Rxc7 31. Ke1 Rc4 32. Kd1 Be8 33. Nb2 Bh5+ 34. Ke1 Bb4 35. Nxc4 Bxd2+ 36. Ncxd2 Qe7 37. g3 Qb4 38. Kf2 h6 39. Ra2 Bd1 0-1

[Event "Dieren op"]
[Site "Dieren"]
[Date "2005.07.30"]
[Round "4"]
[White "Van der Werf, Mark"]
[Black "Smits, Mark"]
[Result "1-0"]
[WhiteElo "2397"]
[BlackElo "2273"]
[PlyCount "73"]
[EventDate "2005.07.26"]
[EventType "swiss"]
[EventRounds "9"]
[EventCountry "NED"]
[SourceTitle "CBM 107 Extra"]
[Source "ChessBase"]
[SourceDate "2005.09.01"]
[SourceVersion "1"]
[SourceVersionDate "2005.09.01"]
[SourceQuality "1"]

1. d4 Nf6 2. c4 g6 3. Nc3 Bg7 4. e4 d6 5. h3 0-0 6. Bg5 c5 7. d5 e6 8. Bd3 exd5 9. cxd5 Re8 10. Nf3 c4 11. Bc2 b5 12. a3 h6 13. Be3 Bb7 14. 0-0 a6 15. Qd2 Kh7 16. Bd4 Nbd7 17. Rae1 Nh5 18. Be3 Qc7 19. Nh2 Nhf6 20. f4 Rad8 21. Bf2 Nc5 22. Nf3 Ba8 23. Kh1 Qb7 24. Bh4 Rd7 25. Qf2 b4 26. axb4 Qxb4 27. Bxf6 Bxf6 28. e5 Bg7 29. e6 fxe6 30. Qg3 Nd3 31. Nh4 Rde7 32. Qxg6+ Kh8 33. Rxe6 Qxb2 34. Bxd3 cxd3 35. Nf5 Qxc3 36. Rxe7 Rxe7 37. Nxe7 1-0